Регионална библиотека "Любен Каравелов" - Русе

Щурче на летището (Запис номер 142673)

MARC детайли
000 -Лидер
Контролно поле с фиксирана дължина 01298nam a2200301 c 4500
003 - Код на организацията, давaща контролен номер
Контролно поле BLK
005 - Дата и час на последна редакция
Контролно поле 20180422112422.0
008 - Елементи от данни с фиксирана дължина
fixed length control field 180409b bul|||||r ||||||| ||bul||
010 ## - Наследен системен номер
LC control number KNG00148770000
040 ## - Източник на каталожния запис
Идентификатор на билиотеката - собственик на записа BLK
041 ## - Код за език
Код за езика на текст/звукозапис или на отделно заглавие Български
Код за езика КДБФ Български
080 ## - УДК
Текстов определител УДК Българска литература
УДК код - определител по УДК 821.163.2
УДК определител -93-1
УДК - код + определител 821.163.2-93-1
100 1# - Редна дума - Автор
Автор Стефанов, Димитър
Авторска отговорност първи автор
Автор - информация (биография) Бъчваров, Димитър Стефанов
R(LIN) 363780
139 ## - Редно поле
Редна дума Стефанов, Димитър
Авторски знак Сте - С 75
245 10 - Сведения за заглавието
Заглавие Щурче на летището
Подзаглавни данни Стихотворения за малките
Редно поле (дума) Димитър Стефанов; худож. Олга Паскалева; * Димитър Стефанов Бъчваров.
257 ## - Страна на издаване
Страна на създаване/издаване България
260 ## - Област на издателските данни
-- София
Име на издателя, разпространителя и проч. Бълг. художник
Година на издаване 1990
300 ## - Физическа характеристика
Страници 24 с.
Илюстрации и др. с цв. ил.
Размери/Мащаб 32 см
380 ## - Жанр
Жанр Детска худож. лит.
500 ## - Общи забележки
Забележка Офс. изд. - 40 090 тир.
700 1# - Други автори (авторска отговорност)
Лично име Паскалева, Олга
Автороска отговорност (Описва отношението между автора и произведението) худож.
9 (RLIN) 365148
700 1# - Други автори (авторска отговорност)
Лично име Бъчваров, Димитър Стефанов
Автороска отговорност (Описва отношението между автора и произведението) *
9 (RLIN) 367462
852 ## - Местоположение
Форматна сигнатура Цб ІІ 18731
856 4# - Електронен адрес и достъп
Електронен формат pdf - файл
Път до файла /url/
856 4# - Електронен адрес и достъп
Електронен формат pdf - файл
Път до файла /url/
942 ## - АРТИКУЛИ
Вид на библиотечния материал Книги
Скрит в OPAC Не
944 ## - СЪЗДАВАНЕ И РЕДАКЦИЯ на ЗАПИСА
Създаване/Редакция Създаване
Дата на регистрацията/редакция 07.08.2013
Статус, дата на статуса 07.08.2013 - от С1,Р / 07.08.2013
Служител, извършил регистрацията/редакцията Айшегюл_Сабриева
944 ## - СЪЗДАВАНЕ И РЕДАКЦИЯ на ЗАПИСА
Създаване/Редакция Редакция
Дата на регистрацията/редакция 07.08.2013
Статус, дата на статуса 07.08.2013 - от С1,Р / 07.08.2013
Служител, извършил регистрацията/редакцията
999 ## - СИСТЕМНИ КОНТРОЛНИ НОМЕРА
Koha biblionumber 142673
Koha biblioitemnumber 142673
Наличности
Код за отписване Код за изгубен артикул Източник на класификационната схема Код за повреда Коз за рестрикции Код за отдаване Артикулен № Име на библиотеката - собственик Име на библиотеката, в която се намира в момента Статус (Текущо местоположение) Дата на вписване в системата Местоположение - отдел Цена в лева Инвентарен номер Систематично азбучна сигнатура Баркод Номер на екземпляра Цена в евро Служебна бележка Служебен тип на артикула
  Не е изгубен Universal Decimal Classification Не е повреден само за читалня ползва се в читалня 236190 Регионална библиотека "Любен Каравелов" Русе Регионална библиотека "Любен Каравелов" Русе Хранилище 1990-01-01 Хранилище 1.00 536863 Цб ІІ 18731 120000536863 1 0.51 Вид: СФ N: стар фонд Дата: 01.01.1990 Книги
  Не е изгубен Universal Decimal Classification Не е повреден без рестрикции заемане за дома 236191 Регионална библиотека "Любен Каравелов" Русе Регионална библиотека "Любен Каравелов" Русе Детски отдел 1990-01-01 Детски отдел 1.00 540573 ДХ 886.7/С 75 120000540573 2 0.51 Вид: СФ N: стар фонд Дата: 01.01.1990 Дата инв: 13.08.2015 Бележки инв: Д2015 Книги
Vip Innovations Ltd, Rousse, Bulgaria 2025